LEADER 03432oam 2200925 c 450 001 9911069584103321 005 20250814110036.0 010 $a9783381113125 010 $a3381113127 024 3 $a9783381113125 035 $a(MiAaPQ)EBC31516066 035 $a(Au-PeEL)EBL31516066 035 $a(CKB)32644619500041 035 $a(UVK Verlag)9783381113125 035 $a(Narr)9783381113125 035 $a(EXLCZ)9932644619500041 100 $a20250802d2024 uy 0 101 0 $ager 135 $aurcnu|||||||| 181 $ctxt$2rdacontent 182 $cc$2rdamedia 183 $acr$2rdacarrier 200 10$aKI in Gesundheit und Pflege $eChancen, Risiken, Ethik /$fWalter Swoboda 205 $a1st ed. 210 $aTu?bingen$cUVK Verlag$d2024 215 $a1 online resource (137 pages) 300 $a[1. Auflage] 311 08$a9783381113118 311 08$a3381113119 327 $a1 Versuch und Irrtum: Die Geschichte der ku?nstlichen Intelligenz 2 Wie funktioniert unser Gehirn? 3 Nachgebaut: Ku?nstliche neuronale Netzwerke 4 Einsatz in Medizin und Pflege 5 Der mehr oder weniger mu?ndige Patient und seine KI 6 Experimentelle Krankheitsmodelle in der Forschung 7 "Bin ich?" oder "die KI und das Bewusstsein" 8 Eine leicht u?berraschende ethische Bewertung 330 $aZu Risiken und Nebenwirkungen fragen Sie Ihre KI Ku?nstliche Intelligenz durchdringt alle Bereiche des Lebens - auch das Gesundheitswesen. Walter Swoboda zeigt in seinem Buch, wie KI funktioniert, welche Varianten dieser neuen Technologie in Gesundheit und Pflege zum Einsatz kommen ko?nnen und welche Einsatzgebiete sich kurz- und langfristig ergeben. Auf Chancen, Risiken und ethische Herausforderungen geht er ein. Auch experimentelle Verfahren der Zukunft beru?cksichtigt er. Das Buch richtet sich an Praktizierende, Forschende und Studierende in den Bereichen Gesundheitswesen, Gesundheitsmanagement, Gesundheitsinformatik, Medizin, Pflegewissenschaften sowie Medizinethik. 606 $aMedizin 606 $aGesundheit 606 $aPflege 606 $aKu?nstliche Intelligenz 606 $aKI 606 $aEthik 606 $aChancen 606 $aRisiken 606 $abiologische Gehirne 606 $aneuronale Netze 606 $adeep neural networks 606 $aChatbots 606 $aELIZA 606 $aHochpra?zisionsmedizin 606 $aMaschinelles Lernen 606 $aGesundheitssystem 606 $aexperimentelle Krankheitsmodelle 606 $aDiagnostik 606 $aNetzwerke 606 $aScary-Effek 615 4$aMedizin 615 4$aGesundheit 615 4$aPflege 615 4$aKu?nstliche Intelligenz 615 4$aKI 615 4$aEthik 615 4$aChancen 615 4$aRisiken 615 4$abiologische Gehirne 615 4$aneuronale Netze 615 4$adeep neural networks 615 4$aChatbots 615 4$aELIZA 615 4$aHochpra?zisionsmedizin 615 4$aMaschinelles Lernen 615 4$aGesundheitssystem 615 4$aexperimentelle Krankheitsmodelle 615 4$aDiagnostik 615 4$aNetzwerke 615 4$aScary-Effek 676 $a610 700 $aSwoboda$b Walter$4aut$01897400 801 0$bMiAaPQ 801 1$bMiAaPQ 801 2$bMiAaPQ 906 $aBOOK 912 $a9911069584103321 996 $aKI in Gesundheit und Pflege$94552554 997 $aUNINA